THEORY AND PRACTICE OF PSYCHOLOGICAL TESTING (Record no. 15938)

MARC details
000 -LEADER
fixed length control field 00305nam a22001337a 4500
003 - CONTROL NUMBER IDENTIFIER
control field SGT
020 ## - INTERNATIONAL STANDARD BOOK NUMBER
International Standard Book Number 978-81-204-1707-6
082 ## - DEWEY DECIMAL CLASSIFICATION NUMBER
Classification number 150
Item number T18F
100 ## - MAIN ENTRY--PERSONAL NAME
Personal name FREEMAN, FRANK S.
245 ## - TITLE STATEMENT
Title THEORY AND PRACTICE OF PSYCHOLOGICAL TESTING
260 ## - PUBLICATION, DISTRIBUTION, ETC. (IMPRINT)
Place of publication, distribution, etc INDIA
Name of publisher, distributor, etc CBS
Year of Publication 2018
300 ## - PAGE DESCRIPTION
No. of Pages 697
942 ## - ADDED ENTRY ELEMENTS (KOHA)
Source of classification or shelving scheme Dewey Decimal Classification
Koha item type Books
Holdings
Withdrawn status Lost status Source of classification or shelving scheme Damaged status Not for loan Collection code Home library Current library Shelving location Date acquired Vendor Name Cost, normal purchase price SGTU Bill Number Full call number Accession No. (Barcode) Date last seen Bill Date Koha item type
    Dewey Decimal Classification   Not For Loan MEDICAL SGT Medical Library SGT Medical Library Reference Book 31/08/2018 ABC 415.00 SGTU 9975 150 T18F FM10971 31/08/2018 31/08/2018 Books